000 00436nam a2200181Ia 4500
001 3791
005 20260306145709.0
008 260306t2011||||xx |||||||||||||| ||spa||
041 _aESP
082 _a303.482
_bC78
100 _aCorrea Aste, Norma
_eAUT
245 0 _aInterculturalidad y políticas públicas:
_buna agenda al 2016
260 _c2011
300 _a
_c
650 _aGEN
654 _aCHU
942 _cLIB
_dJUS
_fJUS
_2ddc
_n
999 _c3791
_d3791